000 00898nam a2200253 a 4500
001 000007361
005 20200929154137.0
008 090908s1998 dr 001 0 spa d
040 _aDO-SdBNP
_bspa
_cBNPHU
082 _a618.175
_bP638a
100 1 _aPilier Báez, Hermán Ramón,
_d1966-
_920478
245 1 0 _aAspectos generales de la menopausia /
_cHermán Ramón Pilier Báez, Manuel de Jesús Mota, Juan Santana ; prólogo Irene Sánchez.
260 _aSanto Domingo :
_bGuillo Graf,
_c1998.
300 _a102 p. ;
_c21 cm.
500 _aIncluye datos biográficos del autor.
504 _aBibliografía: p.95-102.
590 _aInventariado,2018/DG
650 4 _aMenopausia
_920479
650 4 _aClimaterio
_920480
700 1 _aMota, Manuel de Jesús
_920481
700 1 _aSantana, Juan
_920482
700 1 _aSánchez, Irene
_epról.
_920483
910 _aValidado. Control de calidad EMS.
999 _c7142
_d7142